HARRISON'S MANUAL OF MEDICINE (Record no. 216907)
[ view plain ]
| 000 -LEADER | |
|---|---|
| fixed length control field | 00557nam a22001937a 4500 |
| 008 - FIXED-LENGTH DATA ELEMENTS--GENERAL INFORMATION | |
| fixed length control field | 260331b |||||||| |||| 00| 0 eng d |
| 020 ## - INTERNATIONAL STANDARD BOOK NUMBER | |
| International Standard Book Number | 978-93-5316-985-5 |
| 050 ## - LIBRARY OF CONGRESS CALL NUMBER | |
| Classification number | RC 46 .H37 2020 |
| 100 ## - MAIN ENTRY--PERSONAL NAME | |
| Personal name | JAMESON, J LARRY. |
| 245 ## - TITLE STATEMENT | |
| Title | HARRISON'S MANUAL OF MEDICINE |
| 250 ## - EDITION STATEMENT | |
| Edition statement | 20TH |
| 260 ## - PUBLICATION, DISTRIBUTION, ETC. | |
| Place of publication, distribution, etc. | INDIA |
| Name of publisher, distributor, etc. | McGRAW HILL EDUCATION PRIVATE LIMITED |
| Date of publication, distribution, etc. | 2020 |
| 300 ## - PHYSICAL DESCRIPTION | |
| Extent | XVII,1245 P, ILL |
| 500 ## - GENERAL NOTE | |
| General note | INCLUDES INDEX AND GLOSSARY |
| 650 ## - SUBJECT ADDED ENTRY | |
| Topical term or geographic name entry element | HEALTH |
| 700 ## - ADDED ENTRY--PERSONAL NAME | |
| Personal name | FAUCI, ANTHONY S. KASPER, DENNIS L. |
| 942 ## - ADDED ENTRY ELEMENTS (KOHA) | |
| Source of classification or shelving scheme | Library of Congress Classification |
| Koha item type | Long Loan Book |
| Withdrawn status | Lost status | Source of classification or shelving scheme | Damaged status | Not for loan | Collection | Home library | Current library | Shelving location | Date acquired | Inventory number | Total checkouts | Full call number | Barcode | Date last seen | Copy number | Price effective from | Koha item type |
|---|---|---|---|---|---|---|---|---|---|---|---|---|---|---|---|---|---|
| Library of Congress Classification | Medicine | Kisii University Library | Kisii University Library | On Display | 03/31/2026 | 112558 | RC 46 .H37 2020 | A000177 | 03/31/2026 | 1 | 03/31/2026 | Long Loan Book | |||||
| Library of Congress Classification | Medicine | Kisii University Library | Kisii University Library | On Display | 03/31/2026 | 112559 | RC 46 .H37 2020 | A000312 | 03/31/2026 | 2 | 03/31/2026 | Long Loan Book | |||||
| Library of Congress Classification | Medicine | Kisii University Library | Kisii University Library | On Display | 03/31/2026 | 112560 | RC 46 .H37 2020 | A000311 | 03/31/2026 | 3 | 03/31/2026 | Long Loan Book | |||||
| Library of Congress Classification | Medicine | Kisii University Library | Kisii University Library | On Display | 03/31/2026 | 112561 | RC 46 .H37 2020 | A000180 | 03/31/2026 | 4 | 03/31/2026 | Long Loan Book | |||||
| Library of Congress Classification | Medicine | Kisii University Library | Kisii University Library | On Display | 04/14/2026 | 112889 | RC 46 .H37 2020 | a001269 | 04/14/2026 | 5 | 04/14/2026 | Long Loan Book | |||||
| Library of Congress Classification | Medicine | Kisii University Library | Kisii University Library | On Display | 04/14/2026 | 112890 | RC 46 .H37 2020 | a001273 | 04/14/2026 | 6 | 04/14/2026 | Long Loan Book | |||||
| Library of Congress Classification | Medicine | Kisii University Library | Kisii University Library | On Display | 04/14/2026 | 112891 | RC 46 .H37 2020 | a001263 | 04/14/2026 | 7 | 04/14/2026 | Long Loan Book |